000 00342 a2200157 4500
001 15714
020 _a9788526005501
040 _cAnchieta - Bela Vista
100 _aMellonie, Bryan
240 1 0 _aTempos de vida
_lpor
245 1 0 _aTempos de vida
300 _a40
362 0 _a2002
650 4 _aLiteratura infanto-juvenil
942 _cBK
999 _c15714
_d15714